[Event "New York Life op"]
[Site "Winnipeg CAN"]
[Date "2008.??.??"]
[Round "?"]
[White "Gentes, Kevin"]
[Black "Kaptsan, Aron"]
[Result "1-0"]
[WhiteElo "2300"]
[BlackElo "2223"]
[PlyCount "145"]
[GameId "2160767912583423"]
[EventDate "1988.??.??"]
[EventType "swiss"]
[EventRounds "5"]
[EventCountry "CAN"]
[SourceTitle "CFC 1989.02"]

1. d4 Nf6 2. c4 e6 3. Nc3 d5 4. e3 c5 5. Nf3 Nc6 6. a3 cxd4 7. exd4 Be7 8. Bd3 dxc4 9. Bxc4 O-O 10. O-O Qa5 11. Qe2 Rd8 12. Rd1 Bd7 13. Bf4 Be8 14. Nb5 Rd7 15. Ne5 Nxe5 16. Bxe5 a6 17. Nc3 Rdd8 18. d5 exd5 19. Bxf6 Bxf6 20. Nxd5 Rd6 21. Re1 g6 22. Rad1 Kg7 23. Nxf6 Rxf6 24. Rd5 Qc7 25. Re5 Bc6 26. b4 Rd8 27. Bb3 Rd7 28. Qb2 Qd6 29. h3 Qd4 30. Qxd4 Rxd4 31. R1e3 Rd2 32. f3 Rd7 33. Re7 Rxe7 34. Rxe7 h5 35. h4 Rf5 36. Kf2 Kf8 37. Rc7 g5 38. hxg5 h4 39. Ke2 Re5+ 40. Kf2 Rf5 41. Bc4 Ke8 42. Rc8+ Ke7 43. Rh8 Rxg5 44. Rxh4 Bd5 45. Bxd5 Rxd5 46. Re4+ Kf6 47. a4 Rd2+ 48. Kg3 Ra2 49. a5 Rc2 50. Kh3 Rc6 51. g4 b6 52. Rf4+ Kg7 53. Rf5 bxa5 54. bxa5 Rc4 55. g5 Ra4 56. f4 Ra1 57. Rc5 Ra4 58. Kg4 Ra1 59. Kf5 Ra4 60. Ke5 Ra1 61. Kd6 Ra4 62. f5 Rg4 63. Kc7 Rb4 64. g6 fxg6 65. fxg6 Kxg6 66. Rc6+ Kf7 67. Rxa6 Ke7 68. Rb6 Rc4+ 69. Rc6 Ra4 70. a6 Ra1 71. Kb7 Kd7 72. Rb6 Rc1 73. a7 1-0

[Event "Oakham House"]
[Site "Toronto CAN"]
[Date "1988.??.??"]
[Round "1"]
[White "Day, Lawrence"]
[Black "Stopa, John Russell"]
[Result "1-0"]
[WhiteElo "2375"]
[BlackElo "2290"]
[PlyCount "57"]
[GameId "2160767912520010"]
[EventDate "1988.12.30"]
[EventType "tourn"]
[EventRounds "11"]
[EventCountry "CAN"]
[SourceTitle "EXT 1997"]
[Source "ChessBase"]
[SourceDate "1996.11.15"]
[SourceVersion "1"]
[SourceVersionDate "1996.11.15"]
[SourceQuality "1"]

1. e4 e5 2. f4 Bc5 3. Nf3 d6 4. c3 Nf6 5. d4 exd4 6. cxd4 Bb6 7. Nc3 O-O 8. e5 dxe5 9. fxe5 Nd5 10. Bg5 Nxc3 11. bxc3 Qe8 12. a4 Nc6 13. Be2 Na5 14. O-O Be6 15. Kh1 Bb3 16. Qe1 Bxa4 17. Bd3 Bb5 18. Bxh7+ Kxh7 19. Qh4+ Kg8 20. Bf6 Bd3 21. Qg5 Bg6 22. Nh4 Qe6 23. Bxg7 Kxg7 24. Rf6 Qe8 25. Nf5+ Kg8 26. Rf1 Nc4 27. Qh6 Bxf5 28. R1xf5 Nxe5 29. Rh5 1-0

[Event "Oakham House"]
[Site "Toronto CAN"]
[Date "1988.??.??"]
[Round "1"]
[White "Stone, Raymond"]
[Black "Taylor, Gordon"]
[Result "1-0"]
[WhiteElo "2415"]
[BlackElo "2335"]
[PlyCount "123"]
[GameId "2160767912520013"]
[EventDate "1988.12.30"]
[EventType "tourn"]
[EventRounds "11"]
[EventCountry "CAN"]
[SourceTitle "EXT 1997"]
[Source "ChessBase"]
[SourceDate "1996.11.15"]
[SourceVersion "1"]
[SourceVersionDate "1996.11.15"]
[SourceQuality "1"]

1. d4 Nf6 2. c4 e6 3. Nf3 b6 4. Nc3 Bb7 5. g3 Bb4 6. Bd2 O-O 7. Bg2 Bxc3 8. Bxc3 Ne4 9. Rc1 d6 10. O-O Nxc3 11. Rxc3 Nd7 12. d5 e5 13. e4 a5 14. Ne1 g6 15. Nc2 Qe7 16. b3 Rae8 17. a3 f5 18. exf5 gxf5 19. f4 Qg7 20. Rcf3 e4 21. Re3 Nc5 22. Qd4 b5 23. cxb5 Qxd4 24. Nxd4 Bxd5 25. Bh3 Be6 26. Rc1 Re7 27. Nc6 Rg7 28. Nd4 Bc8 29. Bf1 h6 30. Rec3 Re8 31. b4 axb4 32. axb4 Na4 33. Rxc7 Rxc7 34. Rxc7 Nb6 35. Rc6 Na4 36. Rxd6 e3 37. Bc4+ Kg7 38. b6 Re4 39. Bd3 e2 40. Nxe2 Rxb4 41. Nd4 Nxb6 42. Nxf5+ Bxf5 43. Bxf5 h5 44. Rg6+ Kf7 45. Rh6 Nd5 46. Be6+ Kg7 47. Rxh5 Nxf4 48. gxf4 Rxf4 49. Kg2 Kg6 50. Ra5 Rb4 51. Kg3 Kf6 52. Bg4 Kg7 53. Kh4 Rb6 54. h3 Kh7 55. Bf5+ Kh6 56. Be4 Re6 57. Ra4 Kg7 58. Kg5 Rb6 59. Ra7+ Kh8 60. Bg6 Rb8 61. Kh6 Rf8 62. Bf7 1-0

[Event "Oakham House"]
[Site "Toronto CAN"]
[Date "1988.??.??"]
[Round "2"]
[White "Day, Lawrence"]
[Black "Chow, Albert"]
[Result "1-0"]
[WhiteElo "2375"]
[BlackElo "2305"]
[PlyCount "71"]
[GameId "2160767912520015"]
[EventDate "1988.12.30"]
[EventType "tourn"]
[EventRounds "11"]
[EventCountry "CAN"]
[SourceTitle "EXT 1997"]
[Source "ChessBase"]
[SourceDate "1996.11.15"]
[SourceVersion "1"]
[SourceVersionDate "1996.11.15"]
[SourceQuality "1"]

1. e4 e5 2. f4 exf4 3. Nf3 h6 4. b3 d6 5. Bb2 Nf6 6. Nc3 Be7 7. Bc4 O-O 8. Qe2 c6 9. a4 d5 10. Bd3 d4 11. Nd1 c5 12. O-O Nc6 13. e5 Nd5 14. Nf2 Re8 15. Qe4 g6 16. Bc4 Ncb4 17. c3 Bf5 18. Qe2 Nc6 19. cxd4 cxd4 20. Nxd4 Nxd4 21. Bxd4 Nb6 22. Bc3 Nxc4 23. Qxc4 g5 24. b4 Rc8 25. Qe2 Qd5 26. Rfe1 Rc4 27. b5 Kh7 28. Kh1 Kg6 29. Qf1 Bb4 30. Rad1 Bc2 31. Ng4 Bxd1 32. Nf6 Qc5 33. Qd3+ Kg7 34. Qh7+ Kf8 35. Qg8+ Ke7 36. Qxe8# 1-0

[Event "Oakham House"]
[Site "Toronto CAN"]
[Date "1988.??.??"]
[Round "2"]
[White "O'Donnell, Tom"]
[Black "Stone, Raymond"]
[Result "1/2-1/2"]
[WhiteElo "2340"]
[BlackElo "2415"]
[PlyCount "61"]
[GameId "2160767912520018"]
[EventDate "1988.12.30"]
[EventType "tourn"]
[EventRounds "11"]
[EventCountry "CAN"]
[SourceTitle "EXT 1997"]
[Source "ChessBase"]
[SourceDate "1996.11.15"]
[SourceVersion "1"]
[SourceVersionDate "1996.11.15"]
[SourceQuality "1"]

1. e4 c5 2. c3 d5 3. exd5 Qxd5 4. d4 Nf6 5. Nf3 Bg4 6. Be2 e6 7. O-O Nc6 8. h3 Bh5 9. Be3 cxd4 10. cxd4 Be7 11. Nc3 Qa5 12. a3 O-O 13. b4 Qd8 14. Rc1 Nd5 15. Nxd5 exd5 16. g4 Bg6 17. Ne5 Nxe5 18. dxe5 a5 19. Qb3 axb4 20. axb4 d4 21. Rfd1 dxe3 22. Rxd8 exf2+ 23. Kxf2 Raxd8 24. Rd1 Bh4+ 25. Kg2 Rde8 26. Qe3 h6 27. Bf3 Re7 28. Rd5 Rc8 29. Rc5 Rd8 30. Qc3 Rd3 31. Qc4 1/2-1/2

[Event "Oakham House"]
[Site "Toronto CAN"]
[Date "1988.??.??"]
[Round "2"]
[White "Stopa, John Russell"]
[Black "Fuster, Geza"]
[Result "0-1"]
[WhiteElo "2290"]
[BlackElo "2235"]
[PlyCount "42"]
[GameId "2160767912520019"]
[EventDate "1988.12.30"]
[EventType "tourn"]
[EventRounds "11"]
[EventCountry "CAN"]
[SourceTitle "EXT 1997"]
[Source "ChessBase"]
[SourceDate "1996.11.15"]
[SourceVersion "1"]
[SourceVersionDate "1996.11.15"]
[SourceQuality "1"]

1. e4 c5 2. c3 d5 3. exd5 Qxd5 4. d4 e6 5. Nf3 Nc6 6. Bd3 Nf6 7. O-O Be7 8. c4 Qd7 9. dxc5 Bxc5 10. Nc3 O-O 11. Qe2 Qc7 12. Bg5 Ng4 13. Nb5 Qb6 14. h3 Nf6 15. Bxf6 gxf6 16. Qe4 f5 17. Qf4 f6 18. Qg3+ Kh8 19. Nc7 Rb8 20. Rae1 f4 21. Qh4 Qxc7 0-1

[Event "Oakham House"]
[Site "Toronto CAN"]
[Date "1988.12.??"]
[Round "2"]
[White "Taylor, Gordon"]
[Black "Nickoloff, Bryon"]
[Result "1/2-1/2"]
[WhiteElo "2335"]
[BlackElo "2435"]
[PlyCount "38"]
[GameId "2160767912520020"]
[EventDate "1988.12.30"]
[EventType "tourn"]
[EventRounds "11"]
[EventCountry "CAN"]
[SourceTitle "EXT 88b"]

1. d4 Nf6 2. c4 e6 3. g3 Bb4+ 4. Bd2 c5 5. Bxb4 cxb4 6. Nf3 O-O 7. Bg2 d6 8. O-O Qc7 9. Qd3 a5 10. Nbd2 b6 11. Ng5 Ra7 12. f4 d5 13. b3 Ba6 14. e4 dxe4 15. Ndxe4 Nbd7 16. f5 e5 17. dxe5 Qxe5 18. Rae1 Nc5 19. Qc2 Ncxe4 1/2-1/2

[Event "Oakham House"]
[Site "Toronto CAN"]
[Date "1988.??.??"]
[Round "3"]
[White "Schulte, Oliver"]
[Black "Findlay, Ian"]
[Result "1/2-1/2"]
[WhiteElo "2440"]
[BlackElo "2355"]
[PlyCount "22"]
[GameId "2160767912520024"]
[EventDate "1988.12.30"]
[EventType "tourn"]
[EventRounds "11"]
[EventCountry "CAN"]
[SourceTitle "EXT 1997"]
[Source "ChessBase"]
[SourceDate "1996.11.15"]
[SourceVersion "1"]
[SourceVersionDate "1996.11.15"]
[SourceQuality "1"]

1. e4 e5 2. Nf3 Nc6 3. Bb5 a6 4. Bxc6 dxc6 5. d4 exd4 6. Qxd4 Qxd4 7. Nxd4 Bd7 8. Nc3 O-O-O 9. Be3 Bd6 10. O-O Ne7 11. Rfe1 f6 1/2-1/2

[Event "Oakham House"]
[Site "Toronto CAN"]
[Date "1988.??.??"]
[Round "4"]
[White "Day, Lawrence"]
[Black "Schulte, Oliver"]
[Result "0-1"]
[WhiteElo "2375"]
[BlackElo "2440"]
[PlyCount "86"]
[GameId "2160767912520028"]
[EventDate "1988.12.30"]
[EventType "tourn"]
[EventRounds "11"]
[EventCountry "CAN"]
[SourceTitle "EXT 1997"]
[Source "ChessBase"]
[SourceDate "1996.11.15"]
[SourceVersion "1"]
[SourceVersionDate "1996.11.15"]
[SourceQuality "1"]

1. e4 e5 2. f4 d5 3. exd5 c6 4. Nc3 exf4 5. Nf3 Bd6 6. d4 Ne7 7. dxc6 Nbxc6 8. Bd3 Bg4 9. Ne2 Bxf3 10. gxf3 Qa5+ 11. c3 Qg5 12. Kd2 Qh5 13. Rf1 Qxh2 14. Kc2 Nd5 15. Be4 Rc8 16. a3 Nxd4+ 17. Kb1 Qxe2 18. Bxd5 Qxd1 19. Rxd1 Nc6 20. b4 Be5 21. Re1 O-O 22. Bb2 Rfe8 23. Ka2 Kf8 24. Kb3 Rc7 25. Rad1 f6 26. a4 g5 27. Rh1 Rd8 28. b5 Ne7 29. Be6 Rxd1 30. Rxd1 Kg7 31. Rd3 f5 32. Ba3 Kf6 33. Bd7 Ng6 34. a5 b6 35. axb6 axb6 36. c4 h5 37. c5 bxc5 38. Bc6 Bd4 39. Rd2 Ne7 40. Be8 h4 41. Kc4 Nc8 42. Kd5 Nb6+ 43. Kd6 Be5# 0-1

[Event "Oakham House"]
[Site "Toronto CAN"]
[Date "1988.??.??"]
[Round "4"]
[White "Findlay, Ian"]
[Black "Stone, Raymond"]
[Result "0-1"]
[WhiteElo "2355"]
[BlackElo "2415"]
[PlyCount "121"]
[GameId "2160767912520029"]
[EventDate "1988.12.30"]
[EventType "tourn"]
[EventRounds "11"]
[EventCountry "CAN"]
[SourceTitle "EXT 1997"]
[Source "ChessBase"]
[SourceDate "1996.11.15"]
[SourceVersion "1"]
[SourceVersionDate "1996.11.15"]
[SourceQuality "1"]

1. e4 c5 2. Nf3 e6 3. d4 cxd4 4. Nxd4 Nf6 5. Nc3 d6 6. Be2 Nc6 7. Bg5 Be7 8. Qd2 O-O 9. h4 a6 10. O-O-O Qb6 11. Be3 Qc7 12. f4 Nxd4 13. Bxd4 e5 14. Be3 b5 15. Nd5 Nxd5 16. exd5 Bf6 17. Kb1 Re8 18. g4 exf4 19. Bxf4 Bb7 20. g5 Be5 21. Be3 Qe7 22. Rh3 g6 23. Bg4 Bc8 24. Bxc8 Raxc8 25. Bd4 Bxd4 26. Qxd4 Qe2 27. c3 Rc4 28. Qd3 Rf4 29. Qxe2 Rxe2 30. Ka1 Rff2 31. Rb1 Rd2 32. a3 Rxd5 33. Ka2 Rdd2 34. a4 Kg7 35. Ka3 bxa4 36. Kxa4 Rxb2 37. Rxb2 Rxb2 38. Rd3 Rb6 39. Rf3 Rc6 40. Kb4 d5 41. Rd3 Rc4+ 42. Kb3 Rc5 43. Rf3 Rc4 44. Rd3 Rxh4 45. Rxd5 h6 46. gxh6+ Kxh6 47. c4 f5 48. c5 Kg5 49. c6 Rh8 50. Kc4 Kg4 51. c7 Rc8 52. Rc5 f4 53. Kd4 a5 54. Ke4 a4 55. Rc1 g5 56. Rg1+ Kh5 57. Rh1+ Kg6 58. Rc1 a3 59. Rc2 a2 60. Rxa2 Rxc7 61. Rg2 0-1

[Event "Oakham House"]
[Site "Toronto CAN"]
[Date "1988.??.??"]
[Round "4"]
[White "Stopa, John Russell"]
[Black "Taylor, Gordon"]
[Result "1-0"]
[WhiteElo "2290"]
[BlackElo "2335"]
[PlyCount "97"]
[GameId "2160767912520031"]
[EventDate "1988.12.30"]
[EventType "tourn"]
[EventRounds "11"]
[EventCountry "CAN"]
[SourceTitle "EXT 1997"]
[Source "ChessBase"]
[SourceDate "1996.11.15"]
[SourceVersion "1"]
[SourceVersionDate "1996.11.15"]
[SourceQuality "1"]

1. e4 c5 2. c3 d5 3. exd5 Qxd5 4. d4 e6 5. Nf3 Nf6 6. Bd3 Nc6 7. O-O cxd4 8. cxd4 Be7 9. Nc3 Qd6 10. Be3 O-O 11. Rc1 Bd7 12. a3 Rac8 13. Re1 Rfd8 14. Bb1 Be8 15. Qd3 g6 16. Ba2 Ng4 17. Ne4 Qb8 18. h3 Nce5 19. Nxe5 Nxe5 20. Qe2 Rxc1 21. Rxc1 Nc6 22. Rd1 b5 23. Qf3 Kg7 24. Ng5 Qd6 25. d5 exd5 26. Rxd5 Qf6 27. Qe4 Rxd5 28. Bxd5 Qd6 29. Bf4 Qf6 30. Nxf7 Bxf7 31. Bxc6 Bd6 32. Bxd6 Qxd6 33. Bxb5 Qf6 34. Qc2 Qe7 35. Qc3+ Kg8 36. b4 Qe4 37. Bd3 Qf4 38. Qc8+ Kg7 39. Qc5 Qd2 40. Qe3 Qc3 41. Bf1 Qc7 42. Qd4+ Kg8 43. Qc5 Qd7 44. Bb5 Qd1+ 45. Kh2 Qa1 46. Bc4 Bxc4 47. Qxc4+ Kg7 48. Qc7+ Kh6 49. Qxa7 1-0

[Event "Oakham House"]
[Site "Toronto CAN"]
[Date "1988.12.??"]
[Round "4"]
[White "Haziprodromu, Sam"]
[Black "Nickoloff, Bryon"]
[Result "0-1"]
[WhiteElo "2073"]
[BlackElo "2435"]
[PlyCount "66"]
[GameId "2160767912520032"]
[EventDate "1988.12.30"]
[EventType "tourn"]
[EventRounds "11"]
[EventCountry "CAN"]
[SourceTitle "EXT 88b"]

1. e4 e5 2. Nf3 Nc6 3. Bc4 Nf6 4. Nc3 Nxe4 5. Bd5 Nxc3 6. dxc3 Qe7 7. O-O d6 8. Ng5 Nd8 9. Qh5 g6 10. Qd1 h6 11. Ne4 c6 12. Bb3 f5 13. Ng3 Bg7 14. c4 Ne6 15. Ne2 O-O 16. c3 b6 17. f4 Kh7 18. Be3 Bb7 19. Qd2 Rad8 20. Rad1 Ba6 21. Rfe1 Nc5 22. Nc1 Nxb3 23. axb3 c5 24. Qf2 Bb7 25. b4 cxb4 26. cxb4 Qc7 27. b3 g5 28. fxg5 f4 29. Qc2+ Kh8 30. gxh6 Bf6 31. Bxf4 exf4 32. Nd3 Bd4+ 33. Kf1 f3 0-1

[Event "Oakham House"]
[Site "Toronto CAN"]
[Date "1988.??.??"]
[Round "5"]
[White "Stone, Raymond"]
[Black "Day, Lawrence"]
[Result "1/2-1/2"]
[WhiteElo "2415"]
[BlackElo "2375"]
[PlyCount "22"]
[GameId "2160767912520037"]
[EventDate "1988.12.30"]
[EventType "tourn"]
[EventRounds "11"]
[EventCountry "CAN"]
[SourceTitle "EXT 1997"]
[Source "ChessBase"]
[SourceDate "1996.11.15"]
[SourceVersion "1"]
[SourceVersionDate "1996.11.15"]
[SourceQuality "1"]

1. d4 Nf6 2. c4 d6 3. Nc3 Bf5 4. g3 e5 5. Nf3 Nbd7 6. Bg2 c6 7. Nh4 Bg6 8. O-O Be7 9. b3 Ng4 10. Nxg6 hxg6 11. h3 Ngf6 1/2-1/2

[Event "Oakham House"]
[Site "Toronto CAN"]
[Date "1988.??.??"]
[Round "6"]
[White "Chow, Albert"]
[Black "Stone, Raymond"]
[Result "0-1"]
[WhiteElo "2305"]
[BlackElo "2415"]
[PlyCount "46"]
[GameId "2160767912520039"]
[EventDate "1988.12.30"]
[EventType "tourn"]
[EventRounds "11"]
[EventCountry "CAN"]
[SourceTitle "EXT 1997"]
[Source "ChessBase"]
[SourceDate "1996.11.15"]
[SourceVersion "1"]
[SourceVersionDate "1996.11.15"]
[SourceQuality "1"]

1. d4 Nf6 2. c4 e6 3. Nc3 c5 4. d5 exd5 5. cxd5 d6 6. Nf3 g6 7. Nd2 Bg7 8. e4 O-O 9. Be2 Ne8 10. O-O f5 11. exf5 Bxf5 12. Nc4 Na6 13. Bf4 Nb4 14. Qd2 Qd7 15. h3 h5 16. Bg5 Nc2 17. g4 hxg4 18. hxg4 Nxa1 19. gxf5 Qxf5 20. Rxa1 Qxf2+ 21. Kh1 Bxc3 22. bxc3 Rf7 23. Bh6 Qh4+ 0-1

[Event "Oakham House"]
[Site "Toronto CAN"]
[Date "1988.??.??"]
[Round "6"]
[White "Day, Lawrence"]
[Black "Nickoloff, Bryon"]
[Result "1/2-1/2"]
[WhiteElo "2375"]
[BlackElo "2390"]
[PlyCount "41"]
[GameId "2160767912520040"]
[EventDate "1988.12.30"]
[EventType "tourn"]
[EventRounds "11"]
[EventCountry "CAN"]
[SourceTitle "EXT 1997"]
[Source "ChessBase"]
[SourceDate "1996.11.15"]
[SourceVersion "1"]
[SourceVersionDate "1996.11.15"]
[SourceQuality "1"]

1. g3 g6 2. Bg2 Bg7 3. e4 c5 4. Ne2 Nc6 5. c4 Rb8 6. Nbc3 a6 7. a4 e6 8. d3 Nge7 9. Rb1 Nd4 10. Bf4 e5 11. Bg5 f6 12. Bd2 Nxe2 13. Qxe2 Nc6 14. Qd1 Nb4 15. Be3 d6 16. h4 h5 17. Bh3 Bxh3 18. Rxh3 Qd7 19. Rh1 Qg4 20. Kd2 Bh6 21. Qxg4 1/2-1/2

[Event "Oakham House"]
[Site "Toronto CAN"]
[Date "1988.??.??"]
[Round "6"]
[White "Findlay, Ian"]
[Black "Fuster, Geza"]
[Result "1-0"]
[WhiteElo "2355"]
[BlackElo "2235"]
[PlyCount "59"]
[GameId "2160767912520041"]
[EventDate "1988.12.30"]
[EventType "tourn"]
[EventRounds "11"]
[EventCountry "CAN"]
[SourceTitle "EXT 1997"]
[Source "ChessBase"]
[SourceDate "1996.11.15"]
[SourceVersion "1"]
[SourceVersionDate "1996.11.15"]
[SourceQuality "1"]

1. e4 c5 2. Nf3 Nc6 3. d4 cxd4 4. Nxd4 Nf6 5. Nc3 Qc7 6. Be2 e6 7. O-O Bb4 8. Ndb5 Qb8 9. f4 a6 10. e5 axb5 11. exf6 gxf6 12. Nxb5 f5 13. Qd3 b6 14. Be3 Ba6 15. Rad1 d5 16. a3 Bc5 17. Bxc5 bxc5 18. Qc3 O-O 19. Rf3 f6 20. Qxc5 Bxb5 21. Bxb5 Nd8 22. Rg3+ Kf7 23. Be2 Rg8 24. Bh5+ Rg6 25. Bxg6+ hxg6 26. Rh3 Kg8 27. Rh8+ Kxh8 28. Qf8+ Kh7 29. Rd3 Qa7+ 30. Kh1 1-0

[Event "Oakham House"]
[Site "Toronto CAN"]
[Date "1988.??.??"]
[Round "6"]
[White "Stopa, John Russell"]
[Black "O'Donnell, Tom"]
[Result "0-1"]
[WhiteElo "2290"]
[BlackElo "2340"]
[PlyCount "78"]
[GameId "2160767912520044"]
[EventDate "1988.12.30"]
[EventType "tourn"]
[EventRounds "11"]
[EventCountry "CAN"]
[SourceTitle "EXT 1997"]
[Source "ChessBase"]
[SourceDate "1996.11.15"]
[SourceVersion "1"]
[SourceVersionDate "1996.11.15"]
[SourceQuality "1"]

1. e4 c5 2. d4 cxd4 3. c3 Nf6 4. e5 Nd5 5. Bc4 Qc7 6. Qe2 Nb6 7. Bd3 Nc6 8. Nf3 g6 9. Bf4 dxc3 10. Nxc3 Bg7 11. Bg3 O-O 12. O-O Qd8 13. Ne4 d5 14. exd6 exd6 15. Nxd6 Bg4 16. Qe4 Qd7 17. Rfe1 f5 18. Bc4+ Kh8 19. Qe6 f4 20. Qxd7 Nxd7 21. Ng5 Nde5 22. Bh4 Nxc4 23. Nxc4 h6 24. Ne4 g5 25. Nxg5 hxg5 26. Bxg5 Nd4 27. Re7 f3 28. Ne3 Bh5 29. g4 Bg6 30. h4 Rf7 31. Rxf7 Bxf7 32. Rd1 Bxa2 33. Nf5 Nxf5 34. gxf5 Rf8 35. Ra1 Bc4 36. Rxa7 Ba6 37. f6 Bxf6 38. Bxf6+ Rxf6 39. Ra8+ Kg7 0-1

[Event "Oakham House"]
[Site "Toronto CAN"]
[Date "1988.??.??"]
[Round "7"]
[White "Fuster, Geza"]
[Black "Day, Lawrence"]
[Result "0-1"]
[WhiteElo "2235"]
[BlackElo "2375"]
[PlyCount "38"]
[GameId "2160767912520045"]
[EventDate "1988.12.30"]
[EventType "tourn"]
[EventRounds "11"]
[EventCountry "CAN"]
[SourceTitle "EXT 1997"]
[Source "ChessBase"]
[SourceDate "1996.11.15"]
[SourceVersion "1"]
[SourceVersionDate "1996.11.15"]
[SourceQuality "1"]

1. d4 d6 2. c4 Nf6 3. Nc3 Bf5 4. f3 e5 5. e4 exd4 6. Nb5 Bg6 7. Nxd4 c6 8. Nge2 d5 9. cxd5 cxd5 10. e5 Nfd7 11. e6 Nc5 12. exf7+ Kxf7 13. Nf4 Bd6 14. b4 Re8+ 15. Kf2 Nc6 16. Nxc6 bxc6 17. Nxg6 Qb6 18. Be3 Rxe3 19. bxc5 Qxc5 0-1

[Event "Oakham House"]
[Site "Toronto CAN"]
[Date "1988.??.??"]
[Round "7"]
[White "Schulte, Oliver"]
[Black "Stopa, John Russell"]
[Result "1-0"]
[WhiteElo "2440"]
[BlackElo "2290"]
[PlyCount "111"]
[GameId "2160767912520047"]
[EventDate "1988.12.30"]
[EventType "tourn"]
[EventRounds "11"]
[EventCountry "CAN"]
[SourceTitle "EXT 1997"]
[Source "ChessBase"]
[SourceDate "1996.11.15"]
[SourceVersion "1"]
[SourceVersionDate "1996.11.15"]
[SourceQuality "1"]

1. d4 d5 2. c4 c6 3. Nf3 Nf6 4. Qc2 dxc4 5. Qxc4 Bf5 6. Nc3 e6 7. g3 Be7 8. Bg2 Nbd7 9. O-O O-O 10. b4 Ne4 11. a3 a5 12. Nxe4 Bxe4 13. bxa5 Rxa5 14. Bd2 Rxa3 15. Rxa3 Bxa3 16. Qb3 Be7 17. Qxb7 Bf6 18. Bb4 Qc8 19. Qa7 Rd8 20. Rc1 Nb8 21. e3 Na6 22. Ba3 Nc7 23. Qa5 Qb7 24. Ne1 Bxg2 25. Nxg2 e5 26. dxe5 Rd5 27. Qb4 Qxb4 28. Bxb4 Bxe5 29. f4 Bd6 30. Rxc6 Bxb4 31. Rxc7 f5 32. Kf2 Rc5 33. Rb7 Ba5 34. Kf3 g6 35. h3 Rc7 36. Rb5 Bc3 37. g4 fxg4+ 38. hxg4 Kf7 39. e4 Bg7 40. e5 Ke6 41. Ne3 Ra7 42. Rb6+ Kf7 43. Nd5 Ra3+ 44. Ke4 Ra4+ 45. Kd3 Ra3+ 46. Kc4 Ra4+ 47. Kb5 Re4 48. Kc6 g5 49. Rb7+ Kf8 50. Kd7 Bxe5 51. fxe5 Rxe5 52. Kd6 Re4 53. Nf6 Ra4 54. Nxh7+ Kg8 55. Nf6+ Kf8 56. Ke6 1-0

[Event "Oakham House"]
[Site "Toronto CAN"]
[Date "1988.??.??"]
[Round "7"]
[White "Taylor, Gordon"]
[Black "Findlay, Ian"]
[Result "1/2-1/2"]
[WhiteElo "2335"]
[BlackElo "2355"]
[PlyCount "130"]
[GameId "2160767912520049"]
[EventDate "1988.12.30"]
[EventType "tourn"]
[EventRounds "11"]
[EventCountry "CAN"]
[SourceTitle "EXT 1997"]
[Source "ChessBase"]
[SourceDate "1996.11.15"]
[SourceVersion "1"]
[SourceVersionDate "1996.11.15"]
[SourceQuality "1"]

1. d4 Nf6 2. c4 c5 3. d5 e6 4. Nc3 exd5 5. cxd5 d6 6. Nf3 g6 7. Nd2 Bg7 8. e4 O-O 9. Be2 Re8 10. O-O Nbd7 11. a4 Ne5 12. Qc2 g5 13. Nc4 Nxc4 14. Bxc4 Ng4 15. Ne2 Ne5 16. Ng3 Ng6 17. Bd2 Be5 18. Bc3 a6 19. a5 Nf4 20. Bxe5 Rxe5 21. Ra3 Bd7 22. Re1 Qc7 23. Ne2 Nxe2+ 24. Rxe2 Rae8 25. Qd2 h6 26. Rae3 Bb5 27. b3 Bd7 28. f3 Qd8 29. g3 Qf6 30. f4 gxf4 31. gxf4 Rh5 32. Rg3+ Kh8 33. Qe3 Rh4 34. e5 Qxf4 35. Qxf4 Rxf4 36. e6 Bb5 37. exf7 Rxe2 38. Bxe2 Rxf7 39. Bg4 c4 40. bxc4 Bxc4 41. Be6 Rf1+ 42. Kg2 Rd1 43. Rg8+ Kh7 44. Rb8 Bxd5+ 45. Bxd5 Rxd5 46. Rxb7+ Kg6 47. Rb6 Rxa5 48. Rxd6+ Kg5 49. Rc6 h5 50. Kg3 Ra3+ 51. Kg2 Ra2+ 52. Kg3 h4+ 53. Kh3 Ra3+ 54. Kg2 h3+ 55. Kf2 a5 56. Rc5+ Kf4 57. Rc4+ Ke5 58. Rc5+ Kd4 59. Rf5 a4 60. Rf4+ Kc3 61. Re4 Ra1 62. Re3+ Kd4 63. Rxh3 a3 64. Kg2 Ra2+ 65. Kg1 Ra1+ 1/2-1/2

[Event "Oakham House"]
[Site "Toronto CAN"]
[Date "1988.??.??"]
[Round "8"]
[White "Day, Lawrence"]
[Black "Taylor, Gordon"]
[Result "1/2-1/2"]
[WhiteElo "2375"]
[BlackElo "2335"]
[PlyCount "117"]
[GameId "2160767912520052"]
[EventDate "1988.12.30"]
[EventType "tourn"]
[EventRounds "11"]
[EventCountry "CAN"]
[SourceTitle "EXT 1997"]
[Source "ChessBase"]
[SourceDate "1996.11.15"]
[SourceVersion "1"]
[SourceVersionDate "1996.11.15"]
[SourceQuality "1"]

1. e4 c6 2. Nc3 d5 3. Nf3 Bg4 4. h3 Bxf3 5. Qxf3 e6 6. a3 Nf6 7. d3 d4 8. Nb1 c5 9. e5 Nd5 10. c4 dxc3 11. bxc3 Nc6 12. Qe4 Qc7 13. f4 g5 14. fxg5 Bg7 15. Be2 Qxe5 16. Qxe5 Bxe5 17. Bd2 Nf4 18. Bxf4 Bxf4 19. h4 h6 20. gxh6 Rxh6 21. Kf2 Rf6 22. g3 Bh6+ 23. Kg2 Rd8 24. Ra2 Ne5 25. g4 Be3 26. Rf1 Rxf1 27. Kxf1 Ke7 28. Rb2 b6 29. d4 cxd4 30. cxd4 Rxd4 31. Rb4 Rxb4 32. axb4 Ng6 33. h5 Nf4 34. b5 f5 35. gxf5 exf5 36. Bf3 Bd4 37. Na3 Kf6 38. Nc4 Bc5 39. h6 Kg6 40. Ne5+ Kxh6 41. Nc6 Kg5 42. Nxa7 Ne6 43. Bd5 Nd4 44. Bc4 Kf4 45. Nc6 Nxc6 46. bxc6 Bd6 47. Ke2 Ke4 48. Bd3+ Ke5 49. Kd2 f4 50. Be2 Ke4 51. Kc3 f3 52. Bd1 Ke3 53. Bb3 b5 54. Bd5 f2 55. Bg2 Ke2 56. c7 Bxc7 57. Kb4 f1=Q 58. Bxf1+ Kxf1 59. Kxb5 1/2-1/2

[Event "Oakham House"]
[Site "Toronto CAN"]
[Date "1988.??.??"]
[Round "8"]
[White "Findlay, Ian"]
[Black "O'Donnell, Tom"]
[Result "1/2-1/2"]
[WhiteElo "2355"]
[BlackElo "2340"]
[PlyCount "32"]
[GameId "2160767912520053"]
[EventDate "1988.12.30"]
[EventType "tourn"]
[EventRounds "11"]
[EventCountry "CAN"]
[SourceTitle "EXT 1997"]
[Source "ChessBase"]
[SourceDate "1996.11.15"]
[SourceVersion "1"]
[SourceVersionDate "1996.11.15"]
[SourceQuality "1"]

1. e4 e5 2. Nf3 Nc6 3. Bb5 Nge7 4. O-O g6 5. c3 Bg7 6. d4 exd4 7. cxd4 d5 8. exd5 Nxd5 9. Re1+ Be6 10. Nc3 O-O 11. Bg5 Qd6 12. Qd2 Nce7 13. Bc4 Nc6 14. Bb3 Rfe8 15. Rac1 Nxc3 16. bxc3 Na5 1/2-1/2